Pracovnoprávne postavenie volených funkcionárov obce. 1

Charakter a právny rámec výkonu funkcie volených funkcionárov obce. Verejná funkcia. Vykonávanie verejnej funkcie v zmysle právnych predpisov. Nezlučiteľnosť výkonu funkcie. Prekážka v práci z dôvodu všeobecného záujmu. Pracovnoprávne nároky funkcionára vo vzťahu k zamestnávateľovi. Pracovné voľno n...

Ausführliche Beschreibung

Gespeichert in:
Bibliographische Detailangaben
1. Verfasser: Thurzová, Marta
Format: Buchkapitel
Sprache:Slowakisch
Schlagworte:
Tags: Tag hinzufügen
Keine Tags, Fügen Sie das erste Tag hinzu!

MARC

LEADER 00000naa a2200000 4500
001 r018384
005 20221213101404.3
041 0 |a slo 
044 |a SK 
245 1 0 |a Pracovnoprávne postavenie volených funkcionárov obce. 1  |c Marta Thurzová 
520 |a Charakter a právny rámec výkonu funkcie volených funkcionárov obce. Verejná funkcia. Vykonávanie verejnej funkcie v zmysle právnych predpisov. Nezlučiteľnosť výkonu funkcie. Prekážka v práci z dôvodu všeobecného záujmu. Pracovnoprávne nároky funkcionára vo vzťahu k zamestnávateľovi. Pracovné voľno na výkon funkcie. Nároky vyplývajúce z krátkodobého uvoľnenia. Nároky vyplývajúce z dlhodobého uvoľnenia. 
610 2 0 |a vzťahy pracovnoprávne 
610 2 0 |a starostovia 
610 2 0 |a poslanci 
610 2 0 |a zastupiteľstvá obecné 
610 2 0 |a zamestnávatelia 
610 2 0 |a voľno pracovné 
610 2 0 |a zákonník práce 
610 2 0 |a predpisy právne 
100 1 |a Thurzová, Marta